[Event "83rd ch-StP"]
[Site "St Petersburg RUS"]
[Date "2010.05.21"]
[Round "6"]
[White "Khairullin,I"]
[Black "Ionov,S"]
[Result "1/2-1/2"]
[WhiteElo "2617"]
[BlackElo "2542"]
[EventDate "2010.05.16"]

1. d4 d5 2. c4 dxc4 3. e3 e6 4. Bxc4 c5 5. Nf3 Nf6 6. O-O a6 7. Nc3 b5 8.
Bb3 Bb7 9. e4 cxd4 10. Nxd4 Nc6 11. Be3 Be7 12. Nxc6 Bxc6 13. f3 O-O 14.
Ne2 Bb7 15. Rc1 Rc8 16. Nf4 Rxc1 17. Qxc1 Qb8 18. Rf2 Rc8 19. Qd1 Rd8 20.
Rd2 Rxd2 21. Qxd2 Bd6 22. g3 1/2-1/2

[Event "83rd ch-StP"]
[Site "St Petersburg RUS"]
[Date "2010.05.21"]
[Round "6"]
[White "Yevseev,D"]
[Black "Fedoseev,Vl3"]
[Result "1/2-1/2"]
[WhiteElo "2520"]
[BlackElo "2428"]
[EventDate "2010.05.16"]

1. Nf3 Nf6 2. c4 e6 3. g3 b6 4. Bg2 Bb7 5. d4 Be7 6. O-O O-O 7. Re1 c5 8.
d5 exd5 9. Nh4 Ne4 10. cxd5 Bxh4 11. Bxe4 Bf6 12. Nc3 d6 13. Bg2 Nd7 14. e4
a6 15. a4 Re8 16. Be3 c4 17. Bd4 Nc5 18. Bxf6 Qxf6 19. Bf1 b5 20. axb5 axb5
21. Rxa8 Rxa8 22. Nxb5 Ra2 23. Bxc4 Rxb2 24. Qd4 Qxd4 25. Nxd4 Rb4 26. Rc1
Nxe4 27. Nc6 Rb6 28. Re1 Nf6 29. Re7 Bxc6 30. dxc6 Rxc6 31. Ra7 Kf8 1/2-1/2

[Event "83rd ch-StP"]
[Site "St Petersburg RUS"]
[Date "2010.05.23"]
[Round "7"]
[White "Fedoseev,Vl3"]
[Black "Gorovykh,E"]
[Result "0-1"]
[WhiteElo "2428"]
[BlackElo "2430"]
[EventDate "2010.05.16"]

1. g3 Nf6 2. Bg2 d5 3. c4 c6 4. Nf3 g6 5. b3 Bg7 6. Bb2 O-O 7. O-O Bg4 8.
d3 Nbd7 9. Nbd2 Re8 10. h3 Bxf3 11. Nxf3 e5 12. Nd2 Qe7 13. Rc1 d4 14. Qc2
Nh5 15. c5 f5 16. b4 f4 17. g4 Nhf6 18. Qb3+ Kh8 19. b5 Rac8 20. Ba3 e4 21.
dxe4 Ne5 22. f3 Red8 23. Nc4 Nxc4 24. Rxc4 Nd7 25. Rd1 Ne5 26. Ra4 h5 27.
Rxa7 hxg4 28. bxc6 d3 29. cxb7 Rb8 30. Kf1 gxh3 31. Bh1 Nc6 32. Ra6 Rxb7
33. Rb6 dxe2+ 34. Kxe2 Rbd7 35. Rxd7 Qxd7 36. Qd5 Qa7 37. Qg5 Qxa3 38. Qxf4
Qxa2+ 0-1

[Event "83rd ch-StP"]
[Site "St Petersburg RUS"]
[Date "2010.05.23"]
[Round "7"]
[White "Ionov,S"]
[Black "Yevseev,D"]
[Result "1/2-1/2"]
[WhiteElo "2542"]
[BlackElo "2520"]
[EventDate "2010.05.16"]

1. d4 e6 2. c4 d5 3. Nf3 Nf6 4. e3 a6 5. b3 c5 6. Bb2 cxd4 7. exd4 Nc6 8.
Nbd2 Be7 9. a3 dxc4 10. bxc4 O-O 11. Bd3 b5 12. cxb5 1/2-1/2

[Event "83rd ch-StP"]
[Site "St Petersburg RUS"]
[Date "2010.05.23"]
[Round "7"]
[White "Makarov,M"]
[Black "Khairullin,I"]
[Result "1/2-1/2"]
[WhiteElo "2518"]
[BlackElo "2617"]
[EventDate "2010.05.16"]

1. e4 e5 2. Nf3 Nc6 3. Bc4 Bc5 4. d3 Nf6 5. Nc3 d6 6. a3 a6 7. Be3 Bxe3 8.
fxe3 Be6 9. Bxe6 fxe6 10. O-O O-O 1/2-1/2

[Event "83rd ch-StP"]
[Site "St Petersburg RUS"]
[Date "2010.05.23"]
[Round "7"]
[White "Levin,Ev"]
[Black "Ivanov,Sergey1"]
[Result "1-0"]
[WhiteElo "2500"]
[BlackElo "2542"]
[EventDate "2010.05.16"]

1. d4 d5 2. c4 e6 3. Nf3 Nf6 4. e3 b6 5. Nbd2 Bb7 6. b3 c5 7. Bd3 Nc6 8.
Bb2 Be7 9. O-O O-O 10. Qe2 Rc8 11. cxd5 Qxd5 12. dxc5 Rfd8 13. Ba6 Bxa6 14.
Qxa6 Bxc5 15. a3 Qd3 16. Qxd3 Rxd3 17. b4 Be7 18. Rfc1 Rdd8 19. Kf1 Nd5 20.
Ne4 h6 21. Ke2 f5 22. Ned2 Bf6 23. Bxf6 Nxf6 24. Rc4 Ne7 25. Rac1 Kf7 26.
Nd4 Nfd5 27. Nb5 Rxc4 28. Nxc4 a6 29. Nbd6+ Kf6 30. e4 Nf4+ 31. Kf3 Nfg6
32. Rd1 Nc6 33. Nxb6 Nge5+ 34. Ke2 g5 35. exf5 exf5 36. Nd5+ Kg6 37. Nc7
Nb8 38. Ne6 Rg8 39. Nc5 Kf6 40. Rd5 g4 41. Nd3 Nxd3 42. Rxd3 Nc6 43. Nc4
Ne5 44. Nxe5 Kxe5 45. Rc3 Rg6 46. Rc5+ Ke4 47. Rc4+ Ke5 48. Ke3 Rd6 49.
Rc5+ Kf6 50. a4 h5 51. g3 Kg5 52. Rc2 h4 53. b5 axb5 54. axb5 Rb6 55. Rb2
f4+ 56. gxf4+ Kf5 57. Rb4 h3 58. Kd4 Rb8 59. Kd5 1-0

[Event "83rd ch-StP"]
[Site "St Petersburg RUS"]
[Date "2010.05.23"]
[Round "7"]
[White "Popov,Val"]
[Black "Romanov,E"]
[Result "1/2-1/2"]
[WhiteElo "2592"]
[BlackElo "2594"]
[EventDate "2010.05.16"]

1. d4 Nf6 2. Nf3 d5 3. c4 c6 4. cxd5 cxd5 5. Nc3 Nc6 6. Bf4 Bf5 7. e3 e6 8.
Bd3 Bxd3 9. Qxd3 Bd6 10. Bxd6 Qxd6 11. O-O 1/2-1/2

[Event "83rd ch-StP"]
[Site "St Petersburg RUS"]
[Date "2010.05.23"]
[Round "7"]
[White "Matlakov,M"]
[Black "Klimov,S"]
[Result "1-0"]
[WhiteElo "2604"]
[BlackElo "2518"]
[EventDate "2010.05.16"]

1. d4 Nf6 2. Nf3 g6 3. c4 Bg7 4. g3 O-O 5. Bg2 d5 6. cxd5 Nxd5 7. O-O Nb6
8. Nc3 Nc6 9. e3 e5 10. d5 e4 11. dxc6 Qxd1 12. Rxd1 exf3 13. Bxf3 bxc6 14.
Ne2 Rb8 15. Rb1 Nc4 16. b3 Ne5 17. Be4 Bg4 18. Kf1 Nf3 19. Bxf3 Bxf3 20.
Bb2 c5 21. Bxg7 Kxg7 22. Rbc1 Rfd8 23. Rxd8 Rxd8 24. Ke1 Rd5 25. Rc4 g5 26.
Nc3 Rd3 27. Rxc5 g4 28. Rxc7 Rd6 29. Ne2 Rh6 30. Nd4 Rxh2 31. Nxf3 gxf3 32.
e4 1-0

[Event "83rd ch-StP"]
[Site "St Petersburg RUS"]
[Date "2010.05.24"]
[Round "8"]
[White "Gorovykh,E"]
[Black "Klimov,S"]
[Result "1/2-1/2"]
[WhiteElo "2430"]
[BlackElo "2518"]
[EventDate "2010.05.16"]

1. c4 g6 2. Nc3 Bg7 3. d4 Nf6 4. e4 d6 5. f3 O-O 6. Be3 c5 7. Nge2 Nc6 8.
d5 Ne5 9. Ng3 e6 10. Be2 exd5 11. cxd5 a6 12. a4 h5 13. O-O h4 14. Nh1 Nh7
15. Qd2 f5 16. exf5 gxf5 17. Nf2 Ng6 18. Bh6 Qf6 19. Bxg7 Qxg7 20. Rfe1 Bd7
21. Kh1 Rae8 22. Bf1 Qf6 23. Nh3 Rf7 24. Qh6 Rfe7 25. Rxe7 Rxe7 26. Nf4
Nxf4 27. Qxf4 Nf8 28. Rd1 Kg7 29. Qd2 Ng6 30. f4 Re8 31. Kg1 Rb8 32. g3 Rh8
33. Rb1 Ne7 34. b4 Qd4+ 35. Qxd4+ cxd4 36. Ne2 d3 37. Nd4 hxg3 38. hxg3 d2
39. Rd1 Nxd5 40. Rxd2 Nxb4 41. a5 Rd8 42. Bg2 Nc6 43. Nxc6 Bxc6 44. Bxc6
bxc6 45. Rb2 c5 46. Rb6 Kf6 47. Rxa6 Ke6 48. Kf2 Kd5 49. Ra7 Rb8 50. g4
fxg4 51. Kg3 c4 52. a6 Rc8 53. Re7 c3 54. a7 Kc6 55. Kxg4 Kb6 56. Re1 d5
57. Ra1 c2 58. Kf3 Kb7 59. Ke2 c1=N+ 60. Kf3 Nb3 61. Ra3 Nd4+ 62. Kg4 Rg8+
63. Kh5 Rf8 64. Ra5 Ne2 65. f5 Ka8 66. Kg6 d4 67. Kg7 Rd8 68. f6 d3 69. f7
Nf4 70. Ra1 d2 71. Kf6 Nd5+ 72. Ke6 Kb7 73. Rd1 Nf4+ 74. Ke7 Ra8 75. Rxd2
Ng6+ 76. Kf6 Nf8 77. Re2 Kxa7 78. Re8 Kb7 79. Ke7 Ng6+ 80. Kf6 Nf8 81. Ke7
Ng6+ 82. Kf6 Nf8 83. Ke7 1/2-1/2

[Event "83rd ch-StP"]
[Site "St Petersburg RUS"]
[Date "2010.05.24"]
[Round "8"]
[White "Ivanov,Sergey1"]
[Black "Popov,Val"]
[Result "1/2-1/2"]
[WhiteElo "2542"]
[BlackElo "2592"]
[EventDate "2010.05.16"]

1. e4 c5 2. Nf3 Nc6 3. Bb5 g6 4. O-O Bg7 5. Re1 e5 6. c3 Nge7 7. d4 cxd4 8.
cxd4 exd4 9. Bf4 a6 10. Ba4 b5 11. Bb3 d6 12. a4 bxa4 13. Rxa4 O-O 14. Na3
Be6 15. Bxe6 fxe6 16. Ng5 e5 17. Qb3+ d5 18. Qh3 h6 19. Ne6 Qc8 20. Nxf8
Qxh3 21. gxh3 Kxf8 22. Bd2 d3 23. b4 Nd4 24. Kg2 Nb3 25. Rd1 Rc8 26. Rxa6
dxe4 27. b5 Nxd2 28. Rxd2 Rc1 29. h4 Nd5 30. h3 Rc3 31. b6 Nxb6 32. Rxb6
Rxa3 33. Rb4 h5 34. Rxe4 Bh6 35. Rd1 Bf4 36. Rc4 d2 37. Rc7 Rd3 38. Kf1
Rxh3 39. Ke2 Ra3 40. Rb1 Ra8 41. Rd7 Rc8 42. Rbb7 Re8 43. Rf7+ Kg8 44. Rg7+
Kh8 45. Rh7+ Kg8 46. Rbg7+ Kf8 47. Rxg6 Rd8 48. Rg1 Rd4 49. Rxh5 Re4+ 50.
Kd1 Rc4 51. Rh8+ Kf7 52. Ke2 Re4+ 53. Kd1 Rc4 1/2-1/2

[Event "83rd ch-StP"]
[Site "St Petersburg RUS"]
[Date "2010.05.24"]
[Round "8"]
[White "Khairullin,I"]
[Black "Levin,Ev"]
[Result "1/2-1/2"]
[WhiteElo "2617"]
[BlackElo "2500"]
[EventDate "2010.05.16"]

1. d4 Nf6 2. c4 g6 3. Nc3 Bg7 4. e4 d6 5. f3 O-O 6. Be3 Nc6 7. Nge2 a6 8.
Qd2 Rb8 9. Rc1 Bd7 10. Nd1 b5 11. b3 e6 12. g3 Ne7 13. Bg2 bxc4 14. bxc4
Bc8 15. O-O Nd7 16. d5 Nc5 17. Nf2 Rb2 18. Rc2 Rxc2 19. Qxc2 c6 20. dxe6
Nxe6 1/2-1/2

[Event "83rd ch-StP"]
[Site "St Petersburg RUS"]
[Date "2010.05.24"]
[Round "8"]
[White "Yevseev,D"]
[Black "Makarov,M"]
[Result "1-0"]
[WhiteElo "2520"]
[BlackElo "2518"]
[EventDate "2010.05.16"]

1. d4 Nf6 2. c4 e6 3. g3 d5 4. Bg2 dxc4 5. Nf3 Bb4+ 6. Bd2 a5 7. Qc2 Bxd2+
8. Qxd2 c6 9. a4 Ne4 10. Qc1 Nd6 11. Ne5 Na6 12. O-O O-O 13. Nd2 Nb4 14.
Ndxc4 f6 15. Rd1 Nxc4 16. Nxc4 Bd7 17. e4 Be8 18. Qc3 Bg6 19. f4 f5 20. e5
Bh5 21. Rd2 g5 22. Rf1 Rf7 23. Nd6 Rg7 24. Qb3 Nd5 25. Nxb7 Qe7 26. Nd6 Kh8
27. Bxd5 cxd5 28. Qe3 gxf4 29. Rxf4 Rag8 30. b3 Bg4 31. Rc2 h5 32. Rf1 Rh7
33. Rfc1 h4 34. Rc7 Qf8 35. Rc8 f4 36. Qxf4 Qxf4 37. Rxg8+ Kxg8 38. gxf4
Rg7 39. Rc8+ Kh7 40. Ne8 Rb7 41. Nf6+ Kg6 42. Nxg4 Kf5 43. Nf2 Kxf4 44. Rc3
Rb8 45. Kf1 1-0

[Event "83rd ch-StP"]
[Site "St Petersburg RUS"]
[Date "2010.05.24"]
[Round "8"]
[White "Fedoseev,Vl3"]
[Black "Ionov,S"]
[Result "0-1"]
[WhiteElo "2428"]
[BlackElo "2542"]
[EventDate "2010.05.16"]

1. e4 c5 2. Nf3 d6 3. d4 cxd4 4. Nxd4 Nf6 5. Nc3 Nc6 6. Bc4 e6 7. Be3 Be7
8. Qe2 O-O 9. O-O-O a6 10. Rhg1 Nxd4 11. Rxd4 b5 12. Bb3 Nd7 13. g4 Nc5 14.
g5 Qc7 15. e5 d5 16. f4 Nxb3+ 17. axb3 b4 18. Nd1 a5 19. f5 exf5 20. Rh4 f4
21. Bxf4 Bf5 22. Ne3 Be4 23. Nxd5 Bxd5 24. Qd3 g6 25. Qxd5 Qb6 26. Rg3 Rfd8
27. Qe4 Qf2 28. Kb1 Rd1+ 29. Bc1 Rxc1+ 30. Kxc1 Qf1+ 0-1

[Event "83rd ch-StP"]
[Site "St Petersburg RUS"]
[Date "2010.05.25"]
[Round "9"]
[White "Ionov,S"]
[Black "Gorovykh,E"]
[Result "1/2-1/2"]
[WhiteElo "2542"]
[BlackElo "2430"]
[EventDate "2010.05.16"]

1. d4 Nf6 2. Nf3 g6 3. Bg5 Bg7 4. Nbd2 c5 5. Bxf6 Bxf6 6. Ne4 Bxd4 7. Nxd4
cxd4 8. Qxd4 O-O 9. c4 Nc6 10. Qd2 d6 11. Nc3 Be6 12. e3 Rc8 13. b3 Qa5 14.
Be2 1/2-1/2

[Event "83rd ch-StP"]
[Site "St Petersburg RUS"]
[Date "2010.05.25"]
[Round "9"]
[White "Makarov,M"]
[Black "Fedoseev,Vl3"]
[Result "1/2-1/2"]
[WhiteElo "2518"]
[BlackElo "2428"]
[EventDate "2010.05.16"]

1. Nf3 Nf6 2. c4 c6 3. Nc3 d5 4. cxd5 cxd5 5. d4 Nc6 6. Bf4 a6 7. Rc1 e6 8.
e3 Nh5 9. Be5 f6 10. Bg3 g6 11. Bd3 Be7 12. O-O O-O 13. e4 dxe4 14. Bxe4
Na5 15. Bb1 Nxg3 16. hxg3 b5 17. Qe2 Ra7 18. Ne4 Re8 19. Rfd1 Kg7 20. g4
Nc4 21. Nc5 Bd6 22. b3 Nb6 23. Ne5 Rc7 24. b4 Qe7 25. Ned3 Nc4 26. Re1 e5
27. Ne4 Bxb4 28. Nxb4 Qxb4 29. g5 fxg5 30. Nxg5 Qe7 31. Nf3 Bg4 32. d5 Qf6
33. Be4 Rf7 34. Rc3 Ref8 35. Qc2 Bxf3 36. Rxf3 Qb6 37. Rxf7+ Rxf7 38. Re2
Qd4 39. g3 Rf6 40. Bg2 h5 41. Qe4 Qa1+ 42. Kh2 Qc1 43. Qc2 Qg5 44. Qe4 Rf8
45. Rc2 h4 46. Qd3 hxg3+ 47. Qxg3 Qf5 48. Qc3 Qf4+ 49. Kg1 Qg4 50. Rc1 Rf4
51. Re1 Qg5 52. Qc1 Qf6 53. Re2 Rg4 54. Qc3 Qg5 55. Qh3 Qc1+ 56. Kh2 Qf4+
57. Kg1 Qd4 58. Re1 Nd6 59. Qe3 Kf6 60. Qxd4 Rxd4 61. Re2 Kf5 62. Bh3+ Kf4
63. Re3 Rd1+ 64. Kg2 Rd2 65. Rf3+ Ke4 66. Ra3 Kxd5 67. Rxa6 g5 68. Bd7 Kc5
69. a4 b4 70. Rc6+ Kd5 71. Rb6 Rb2 72. a5 Nc4 73. Rb5+ Kd6 74. Be8 Ne3+ 75.
Kf3 Nd5 76. Bf7 e4+ 77. Kg4 Nc3 78. Rb7 Rxf2 79. a6 Nd5 80. a7 Ra2 81. Rb5
Ne3+ 82. Kxg5 Rxa7 83. Rxb4 Rxf7 84. Rxe4 Nd5 85. Re1 Rf2 86. Kg4 Nf6+ 87.
Kg3 Rf5 88. Ra1 Ke5 89. Ra5+ Nd5 90. Ra1 Rf8 91. Re1+ Kd4 92. Ra1 Nc3 93.
Kg4 Ke5 94. Ra5+ Ke4 95. Rc5 Nd1 96. Rc4+ Ke5 97. Rc5+ Kd4 98. Ra5 Ne3+ 99.
Kg5 Nd5 100. Kg4 Nf6+ 101. Kg3 Rg8+ 102. Kf3 Nd5 1/2-1/2

[Event "83rd ch-StP"]
[Site "St Petersburg RUS"]
[Date "2010.05.25"]
[Round "9"]
[White "Popov,Val"]
[Black "Khairullin,I"]
[Result "1/2-1/2"]
[WhiteElo "2592"]
[BlackElo "2617"]
[EventDate "2010.05.16"]

1. Nf3 d5 2. d4 Nf6 3. c4 e6 4. e3 c5 5. cxd5 exd5 6. Bb5+ Bd7 7. Bxd7+
Nbxd7 8. dxc5 Nxc5 9. O-O Be7 10. Nc3 O-O 11. b3 Rc8 12. Bb2 a6 13. Qd4 Ne6
14. Qd3 Qa5 15. Ne2 Ne4 16. Ng3 Bf6 17. Bxf6 Nxf6 18. Rfd1 Rc7 19. Qf5 Rc5
20. Qb1 Qc7 21. Rc1 Rc8 22. Rxc5 Qxc5 23. Nf5 Rc7 24. N5d4 Nxd4 25. Nxd4
Qc3 26. Ne2 Qd2 27. Qd1 Qb2 28. Nf4 Rc2 29. Nd3 Qc3 30. Rc1 Rxc1 31. Qxc1
Qxc1+ 32. Nxc1 Kf8 33. Nd3 Nd7 34. Nf4 Nf6 35. f3 Ke7 36. Kf2 Kd6 37. Ke2
Nd7 38. Kd2 g6 39. Kc3 Ne5 40. h4 Nc6 41. Nh3 Nd8 42. a4 b6 43. Nf2 Ne6 44.
g4 h6 45. b4 f5 46. gxf5 gxf5 47. Nd3 d4+ 48. exd4 Kd5 49. h5 Nxd4 50. Nf4+
Ke5 51. Ng6+ Kd5 52. Nf4+ Ke5 53. Ng6+ 1/2-1/2

[Event "83rd ch-StP"]
[Site "St Petersburg RUS"]
[Date "2010.05.25"]
[Round "9"]
[White "Matlakov,M"]
[Black "Ivanov,Sergey1"]
[Result "0-1"]
[WhiteElo "2604"]
[BlackElo "2542"]
[EventDate "2010.05.16"]

1. d4 Nf6 2. c4 e6 3. g3 d5 4. Nf3 dxc4 5. Bg2 Nc6 6. O-O Rb8 7. Nc3 b5 8.
Ne5 Nxe5 9. dxe5 Nd7 10. Bf4 Bb7 11. Bxb7 Rxb7 12. Qc2 Be7 13. Rfd1 c5 14.
a4 b4 15. Ne4 O-O 16. Qxc4 Nb6 17. Qa6 Rd7 18. Rdc1 Nd5 19. Nxc5 Bxc5 20.
Rxc5 Nxf4 21. gxf4 Rd4 22. Rac1 g6 23. Rc8 Rd1+ 24. Rxd1 Qxd1+ 25. Kg2 Rxc8
26. Qxc8+ Kg7 27. Qa6 Qd4 28. e3 Qxb2 29. Qxa7 b3 30. a5 Qa2 31. a6 b2 32.
Qe7 Qd5+ 33. e4 Qxe4+ 34. f3 Qd5 0-1

[Event "83rd ch-StP"]
[Site "St Petersburg RUS"]
[Date "2010.05.25"]
[Round "9"]
[White "Klimov,S"]
[Black "Romanov,E"]
[Result "1/2-1/2"]
[WhiteElo "2518"]
[BlackElo "2594"]
[EventDate "2010.05.16"]

1. e4 d5 2. exd5 Qxd5 3. Nc3 Qa5 4. d4 c6 5. Nf3 Bf5 6. Ne5 Nd7 7. Qf3 Be6
8. Bf4 Ngf6 9. h3 Bd5 10. Nc4 Bxc4 11. Bxc4 e6 12. O-O Be7 13. Rad1 O-O 14.
Rfe1 Rad8 15. Bb3 Rfe8 16. Ne4 Nxe4 17. Qxe4 Nf6 18. Qe2 Bd6 19. Bc1 c5 20.
dxc5 Bxc5 21. c3 Bd6 22. Qf3 Re7 23. g3 Red7 24. Kg2 a6 25. h4 Qc7 26. Bg5
Be7 27. Bf4 Bd6 28. Bg5 Be7 29. Rxd7 Rxd7 30. Rd1 1/2-1/2

[Event "83rd ch-StP"]
[Site "St Petersburg RUS"]
[Date "2010.05.26"]
[Round "10"]
[White "Gorovykh,E"]
[Black "Romanov,E"]
[Result "0-1"]
[WhiteElo "2430"]
[BlackElo "2594"]
[EventDate "2010.05.16"]

1. c4 e5 2. g3 Nc6 3. Bg2 Bc5 4. e3 Nge7 5. a3 a6 6. Nc3 d6 7. Nge2 O-O 8.
O-O Ba7 9. h3 Be6 10. Nd5 Qd7 11. Kh2 Rae8 12. b4 b5 13. Nec3 bxc4 14. Qa4
Nxd5 15. Nxd5 e4 16. Bxe4 Nd4 17. Qxd7 Bxd7 18. d3 Nb3 19. Rb1 c6 20. Nc7
Re7 21. Nxa6 Bc8 22. b5 cxb5 23. Nb4 Bc5 24. Rd1 Be6 25. Bc6 Bxb4 26. axb4
c3 27. Re1 Rb8 28. Bf3 Rc8 29. Bg4 f5 30. Bxf5 Bxf5 31. Rxb3 Bxd3 32. Ra3
Re4 33. Rd1 Bc2 34. Rd4 d5 35. Ra5 Rxd4 36. exd4 Ba4 37. Ra7 c2 38. Rd7 Rc4
39. Rxd5 Rxb4 40. Be3 Rb1 41. Rc5 b4 42. Rc4 b3 0-1

[Event "83rd ch-StP"]
[Site "St Petersburg RUS"]
[Date "2010.05.26"]
[Round "10"]
[White "Ivanov,Sergey1"]
[Black "Klimov,S"]
[Result "1/2-1/2"]
[WhiteElo "2542"]
[BlackElo "2518"]
[EventDate "2010.05.16"]

1. d4 Nf6 2. Nf3 g6 3. c4 Bg7 4. g3 O-O 5. Bg2 c5 6. d5 e6 7. Nc3 exd5 8.
cxd5 d6 9. O-O Re8 10. h3 Bd7 11. Qb3 Na6 12. Bf4 b5 13. Nxb5 c4 14. Qxc4
Rc8 15. Qb3 Nc5 16. Qc4 Na6 17. Qb3 Nc5 1/2-1/2

[Event "83rd ch-StP"]
[Site "St Petersburg RUS"]
[Date "2010.05.26"]
[Round "10"]
[White "Ionov,S"]
[Black "Makarov,M"]
[Result "1/2-1/2"]
[WhiteElo "2542"]
[BlackElo "2518"]
[EventDate "2010.05.16"]

1. d4 Nf6 2. c4 e6 3. Nc3 Bb4 4. f3 Nc6 5. e4 d5 6. cxd5 exd5 7. e5 Nh5 8.
Be3 g6 9. Bb5 Bd7 10. Bxc6 Bxc6 11. Nge2 O-O 12. Qb3 a5 13. O-O f6 14. exf6
Nxf6 15. Bf4 Be7 16. a3 a4 17. Qc2 Nd7 18. Rae1 Bf6 19. Be3 Re8 1/2-1/2

[Event "83rd ch-StP"]
[Site "St Petersburg RUS"]
[Date "2010.05.27"]
[Round "11"]
[White "Makarov,M"]
[Black "Gorovykh,E"]
[Result "1/2-1/2"]
[WhiteElo "2518"]
[BlackElo "2430"]
[EventDate "2010.05.16"]

1. Nf3 Nf6 2. c4 g6 3. d4 Bg7 4. g3 c6 5. Bg2 d5 6. b3 O-O 7. O-O Ne4 8.
Bb2 Nd7 9. e3 a5 10. cxd5 cxd5 11. a4 Ndf6 12. Ne5 b6 13. Na3 Nd6 14. Qc2
Ba6 15. Rfc1 Rc8 16. Qd1 e6 17. Bf1 Bxf1 18. Qxf1 Nd7 19. Nc6 Qf6 20. Nb5
Nc4 21. bxc4 Rxc6 22. cxd5 exd5 23. Rxc6 Qxc6 24. Ba3 Rd8 25. Rc1 Qe6 26.
Rc7 Bf8 27. Bxf8 Rxf8 28. Qc1 Nf6 29. Rc6 Qf5 30. Qc2 Qf3 31. Nc3 Rb8 32.
Qd1 Qxd1+ 33. Nxd1 Ne4 34. Nc3 Nxc3 35. Rxc3 b5 36. axb5 Rxb5 37. Rc8+ Kg7
38. Kg2 Kf6 39. Kf3 h5 40. h4 Kf5 41. Ra8 f6 42. Ra6 g5 43. hxg5 Kxg5 44.
Kg2 Kf5 45. f3 Kg5 46. Kh3 Kf5 47. Ra8 Kg5 48. e4 dxe4 49. fxe4 Kg6 50. Kg2
Rb4 51. Rxa5 Rxd4 52. Kf3 Rd1 53. Ra6 1/2-1/2

[Event "83rd ch-StP"]
[Site "St Petersburg RUS"]
[Date "2010.05.27"]
[Round "11"]
[White "Levin,Ev"]
[Black "Ionov,S"]
[Result "1/2-1/2"]
[WhiteElo "2500"]
[BlackElo "2542"]
[EventDate "2010.05.16"]

1. d4 Nf6 2. c4 e6 3. Nf3 b6 4. g3 Bb7 5. Bg2 Be7 6. Nc3 Ne4 7. Bd2 Bf6 8.
O-O O-O 9. Rc1 c5 10. d5 exd5 11. cxd5 Nxd2 12. Nxd2 d6 13. Nc4 Ba6 14. Qb3
Bxc4 1/2-1/2

[Event "83rd ch-StP"]
[Site "St Petersburg RUS"]
[Date "2010.05.27"]
[Round "11"]
[White "Popov,Val"]
[Black "Fedoseev,Vl3"]
[Result "1-0"]
[WhiteElo "2592"]
[BlackElo "2428"]
[EventDate "2010.05.16"]

1. d4 d5 2. c4 c6 3. Nf3 Nf6 4. e3 Bg4 5. Qb3 Qb6 6. Nc3 e6 7. Nh4 Nbd7 8.
h3 Bh5 9. g4 Bg6 10. c5 Qc7 11. Nxg6 hxg6 12. Bg2 b6 13. cxb6 Nxb6 14. g5
Nfd7 15. e4 dxe4 16. Nxe4 Nd5 17. O-O Be7 18. Bd2 Rb8 19. Qc2 Bb4 20. Rfc1
Bxd2 21. Qxd2 N7b6 22. Rc2 O-O 23. Rac1 Ne7 24. Ng3 Rbc8 25. Bxc6 Nxc6 26.
Rxc6 Qxc6 27. Rxc6 Rxc6 28. h4 Rfc8 29. h5 gxh5 30. Nxh5 Rc1+ 31. Kg2 R1c2
32. Qe1 Nd7 33. g6 Rxb2 34. Nf4 Nf8 35. gxf7+ Kxf7 36. a4 Rcc2 37. Nd3 Ra2
38. Qa5 Rd2 39. Qxa7+ Kg8 40. Qa6 Kh7 41. Qb5 Kh6 42. Qb3 g5 43. a5 Kh5 44.
a6 Ng6 45. Kg3 Rxa6 46. Nc5 Raa2 47. Qb7 g4 48. Qh7+ Kg5 49. Ne4+ Kf5 50.
Nxd2 Rxd2 51. Qh5+ Kf6 52. Qxg4 Rd3+ 53. Kg2 e5 54. dxe5+ Nxe5 55. Qf4+ Ke6
56. Qe4 Rf3 57. Qd4 Kf5 58. Qd6 Ke4 59. Qe6 Kd4 60. Qd6+ Ke4 61. Qc5 Kf4
62. Qf8+ Ke4 63. Qa8+ Kf4 64. Qb7 Rc3 65. Qb4+ Rc4 66. Qf8+ Kg4 67. Qg7+
Kf5 68. Qh7+ Kg5 69. Qg8+ Kf5 70. Qd5 Rf4 71. Kf1 Rg4 72. Ke2 Re4+ 73. Kd1
Rf4 74. Qc5 Rc4 75. Qf8+ Kg5 76. Qg8+ Kf5 77. Qh7+ Kf4 78. Ke2 Re4+ 79. Kf1
Nf3 80. Qf7+ Kg4 81. Qg6+ Kf4 82. Qg3+ 1-0

[Event "83rd ch-StP"]
[Site "St Petersburg RUS"]
[Date "2010.05.27"]
[Round "11"]
[White "Matlakov,M"]
[Black "Yevseev,D"]
[Result "1-0"]
[WhiteElo "2604"]
[BlackElo "2520"]
[EventDate "2010.05.16"]

1. d4 d5 2. Nf3 Nf6 3. c4 e6 4. Nc3 c6 5. Bg5 h6 6. Bh4 dxc4 7. e4 g5 8.
Bg3 b5 9. Ne5 Bb7 10. h4 g4 11. Nxg4 Nbd7 12. Nxf6+ Qxf6 13. h5 e5 14. d5
Bb4 15. Be2 cxd5 16. exd5 Nb6 17. Bf3 Rg8 18. Qe2 Bxc3+ 19. bxc3 Bxd5 20.
Bxd5 Nxd5 21. O-O O-O-O 22. a4 Nxc3 23. Qe3 Rd3 24. Qc5+ Kd8 25. Rae1 Rg5
26. axb5 Rdxg3 27. fxg3 Qb6 28. Qxb6+ axb6 29. Rxf7 Nxb5 30. Ra1 1-0

[Event "83rd ch-StP"]
[Site "St Petersburg RUS"]
[Date "2010.05.27"]
[Round "11"]
[White "Klimov,S"]
[Black "Khairullin,I"]
[Result "1/2-1/2"]
[WhiteElo "2518"]
[BlackElo "2617"]
[EventDate "2010.05.16"]

1. e4 e5 2. Nf3 Nc6 3. Bb5 a6 4. Ba4 Nf6 5. O-O Be7 6. Re1 b5 7. Bb3 d6 8.
c3 O-O 9. h3 Nb8 10. d4 Nbd7 11. Nbd2 1/2-1/2